000
00283nam a2200109Ia 4500
008
200302s9999 xx 000 0 und d
100
_a
Tim Parsons
245
_a
Thinking : objects contemporary approaches to product design
260
_b
ava Publishing
260
_c
2009
300
_a
208
999
_c
6267
_d
6267